NFL Top 10 Receiving Touchdowns 2000s - Statistics

General Stats
  • This quiz has been taken 17 times
  • The average score is 52 of 122
Answer Stats
Year Team Player % Correct
2009: 10 Texans Andre Johnson
93%
2008: 9 Texans Andre Johnson
93%
2008: 2 Lions Calvin Johnson
93%
2009: 10 Bengals Chad Johnson
93%
2005: 9 Bengals Chad Johnson
93%
2003: 6 Bengals Chad Johnson
93%
2001: 8 Browns Kevin Johnson
93%
2009: 2 Patriots Randy Moss
93%
2008: 3 Patriots Randy Moss
93%
2007: 1 Patriots Randy Moss
93%
2004: 4 Vikings Randy Moss
93%
2003: 1 Vikings Randy Moss
93%
2001: 4 Vikings Randy Moss
93%
2000: 1 Vikings Randy Moss
93%
2005: 10 Redskins Santana Moss
93%
2003: 9 Jets Santana Moss
93%
2009: 1 Cardinals Larry Fitzgerald
86%
2008: 1 Cardinals Larry Fitzgerald
86%
2007: 9 Cardinals Larry Fitzgerald
86%
2005: 5 Cardinals Larry Fitzgerald
86%
2006: 2 Colts Marvin Harrison
86%
2005: 1 Colts Marvin Harrison
86%
2004: 2 Colts Marvin Harrison
86%
2003: 4 Colts Marvin Harrison
86%
2002: 3 Colts Marvin Harrison
86%
2001: 2 Colts Marvin Harrison
86%
2000: 2 Colts Marvin Harrison
86%
2001: 5 Raiders Jerry Rice
79%
2009: 4 Falcons Roddy White
79%
2009: 7 Colts Reggie Wayne
71%
2007: 10 Colts Reggie Wayne
71%
2006: 7 Colts Reggie Wayne
71%
2004: 6 Colts Reggie Wayne
71%
2001: 3 Broncos Rod Smith
64%
2006: 10 Panthers Steve Smith
64%
2005: 2 Panthers Steve Smith
64%
2008: 6 Cowboys Terrell Owens
57%
2007: 3 Cowboys Terrell Owens
57%
2006: 1 Cowboys Terrell Owens
57%
2004: 3 Eagles Terrell Owens
57%
2003: 10 49ers Terrell Owens
57%
2002: 1 49ers Terrell Owens
57%
2001: 1 49ers Terrell Owens
57%
2000: 3 49ers Terrell Owens
57%
2006: 10 Eagles Reggie Brown
50%
2001: 7 Raiders Tim Brown
50%
2000: 4 Raiders Tim Brown
50%
2000: 7 Vikings Cris Carter
43%
2006: 5 Seahawks Darrell Jackson
43%
2003: 10 Seahawks Darrell Jackson
43%
2009: 10 Eagles DeSean Jackson
43%
2008: 5 Chiefs Tony Gonzalez
43%
2003: 5 Chiefs Tony Gonzalez
43%
2000: 6 Chiefs Tony Gonzalez
43%
2009: 10 Chargers Vincent Jackson
43%
2008: 10 Chargers Antonio Gates
36%
2006: 6 Chargers Antonio Gates
36%
2005: 6 Chargers Antonio Gates
36%
2004: 5 Chargers Antonio Gates
36%
2005: 3 Steelers Hines Ward
36%
2003: 7 Steelers Hines Ward
36%
2002: 2 Steelers Hines Ward
36%
2000: 8 Rams Isaac Bruce
36%
2006: 10 Broncos Javon Walker
36%
2004: 7 Packers Javon Walker
36%
2003: 10 Packers Javon Walker
36%
2009: 5 Cowboys Miles Austin
36%
2008: 4 Cardinals Anquan Boldin
29%
2009: 8 Colts Dallas Clark
29%
2007: 7 Colts Dallas Clark
29%
2006: 9 Packers Donald Driver
29%
2002: 5 Packers Donald Driver
29%
2008: 8 Packers Greg Jennings
29%
2007: 6 Packers Greg Jennings
29%
2006: 10 Bills Lee Evans
29%
2006: 3 Rams Torry Holt
29%
2005: 10 Rams Torry Holt
29%
2004: 10 Rams Torry Holt
29%
2003: 2 Rams Torry Holt
29%
2009: 3 49ers Vernon Davis
29%
2000: 5 Chiefs Derrick Alexander
21%
2009: 10 Saints Marques Colston
21%
2007: 8 Saints Marques Colston
21%
2006: 10 Saints Marques Colston
21%
2001: 6 Rams Marshall Faulk
21%
2007: 5 Giants Plaxico Burress
21%
2006: 4 Giants Plaxico Burress
21%
2000: 9 Packers Antonio Freeman
14%
2009: 9 Broncos Brandon Marshall
14%
2001: 10 Packers Bubba Franks
14%
2001: 10 Titans Derrick Mason
14%
2002: 10 Saints Donte' Stallworth
14%
2000: 10 Broncos Ed McCaffrey
14%
2004: 9 Saints Joe Horn
14%
2003: 8 Saints Joe Horn
14%
2001: 9 Saints Joe Horn
14%
2005: 10 Chargers Keenan McCardell
14%
2004: 1 Panthers Muhsin Muhammad
14%
2007: 10 Jaguars Reggie Williams
14%
2002: 9 Giants Amani Toomer
7%
2001: 10 Packers Bill Schroeder
7%
2007: 2 Browns Braylon Edwards
7%
2005: 4 Dolphins Chris Chambers
7%
2003: 3 Dolphins Chris Chambers
7%
2004: 8 Titans Drew Bennett
7%
2002: 4 Bills Eric Moulds
7%
2005: 7 Buccaneers Joey Galloway
7%
2002: 8 Bills Peerless Price
7%
2007: 4 Bengals T.J. Houshmandzadeh
7%
2006: 8 Bengals T.J. Houshmandzadeh
7%
2002: 7 Jets Wayne Chrebet
7%
2006: 10 Falcons Alge Crumpler
0%
2004: 10 Colts Brandon Stokley
0%
2006: 10 Bengals Chris Henry
0%
2002: 6 Raiders Jerry Porter
0%
2005: 8 Seahawks Joe Jurevicius
0%
2008: 10 Texans Kevin Walter
0%
2008: 7 Saints Lance Moore
0%
2002: 10 Chiefs Marc Boerigter
0%
2009: 10 Saints Robert Meachem
0%
2002: 10 Redskins Rod Gardner
0%
2009: 6 Vikings Visanthe Shiancoe
0%
No matching quizzes found
Score Distribution
Percent of People with Each Score
Percentile by Number Answered
Your Score History
You have not taken this quiz